000 00305 a2200157 4500
001 64473
020 _a9788523208448
040 _cAnchieta - Pituba
100 _aAlmeida, Ariadne
240 1 0 _aROSAE
_l
245 1 0 _aROSAE
300 _a728
362 0 _a2012
650 4 _aDialetologia
942 _cBK
999 _c64473
_d64473